000 01044nam a22002417a 4500
003 PE SENCICO BE
005 20251020182649.0
008 240111b |||||||| |||| 00| 0 eng d
040 _aPE SENCICO BE
_cPE SENCICO BE
041 _aspa
084 _aI
_aDIS
_a2017
_bS21
100 1 _91875
_aSantos Arrieta, Yesyca Amelia
_eautor
245 1 _aAplicación de diseño de iluminación en proyecto de diseño interior de vivienda unifamiliar /
_cYesyca Amelia Santos Arrieta
260 _aLima :
_c2017
300 _a38 h. :
_bil. col., plans. ;
_c30 cm.
502 _aMonografía de Titulación.-- Servicio Nacional de Capacitación para la Industria de la Construcción. Escuela Superior Técnica. Carrera Profesional Técnica en Diseño de Interiores, 2017
650 1 0 _944
_aDiseño de interiores
650 2 0 _963
_aIluminación
650 2 0 _91628
_aViviendas unifamiliares
710 1 _aServicio Nacional de Capacitación para la Industria de la Construcción.
_bEscuela Superior Técnica
_91065
910 _bhfp
_chfp
942 _cMON
999 _c4503
_d4503